| 000 | 00781nam a2200217 i 4500 | ||
|---|---|---|---|
| 005 | 20220123121610.0 | ||
| 008 | 220123s2018 my co e s|00 0 may d | ||
| 020 | _qpaperback | ||
| 040 |
_aPPAK _beng _cPPAK _erda |
||
| 082 | 0 | 4 |
_223 _a394.4 |
| 090 | 0 | 0 |
_a394.4 _bMAJ _dKK |
| 245 | 0 | 0 |
_aMajlis Pengurniaan Tauliah Pelantikan : _bYang Berhormat SETIAUSAHA KERAJAAN & Yang Berhormat PEGAWAI KEWANGAN NEGERI KEDAH DARUL AMAN |
| 264 | 1 |
_aAlor Setar : _bPejabat Setiausaha Kerajaan Negeri Kedah Darul Aman , _c2018. |
|
| 300 |
_a1 volume (unpaged) : _bportraits, photographs ; _c21 x 21 cm. |
||
| 336 |
_2rdacontent _atext |
||
| 337 |
_2rdamedia _aunmediated |
||
| 338 |
_2rdacarrier _avolume |
||
| 650 | 1 | 0 | _aOfficial Ceremonies. |
| 650 | 2 | 0 | _aRites and ceremonies |
| 942 |
_2ddc _cB |
||
| 999 |
_c187147 _d187147 |
||